Boletín oficial de comercio, industria y trabajo / (Record no. 483)

MARC details
000 -LEADER
campo de control de longitud fija 00939nas a2200253 i 4500
001 - NÚMERO DE CONTROL
campo de control 483
003 - IDENTIFICADOR DE NÚMERO DE CONTROL
campo de control ES-MaACL
005 - FECHA Y HORA DE LA ÚLTIMA TRANSACCIÓN
campo de control 20250901102118.0
007 - CAMPO FIJO DE DESCRIPCIÓN FÍSICA--INFORMACIÓN GENERAL
campo de control de longitud fija t|
008 - DATOS DE LONGITUD FIJA--INFORMACIÓN GENERAL
campo de control de longitud fija 950801c1912 sp | | 1 ||pa d
245 00 - MENCIÓN DEL TÍTULO
Título Boletín oficial de comercio, industria y trabajo /
Mención de responsabilidad, etc. Dirección General de Comercio, Industria y Trabajo.
260 ## - PUBLICACIÓN, DISTRIBUCIÓN, ETC.
Lugar de publicación, distribución, etc. Madrid :
Nombre del editor, distribuidor, etc. Dirección General de Comercio, Industria y Trabajo|,
Fecha de publicación, distribución, etc. 1912-1914.
300 ## - DESCRIPCIÓN FÍSICA
Extensión 4 v. ;
Dimensiones 23 cm.
310 ## - PERIODICIDAD ACTUAL
Periodicidad actual Mensual
362 0# - FECHAS DE PUBLICACIÓN Y/O DESIGNACIÓN SECUENCIAL
Fecha de publicación y/o designación secuencial Año 1, n. 1 (mayo 1912)-año 3, n. 28 (dic. 1914)
650 17 - PUNTO DE ACCESO ADICIONAL DE MATERIA--TÉRMINO DE MATERIA
Término de materia o nombre geográfico como elemento de entrada Comercio
Fuente del encabezamiento o término embne
9 (RLIN) 11157
650 07 - PUNTO DE ACCESO ADICIONAL DE MATERIA--TÉRMINO DE MATERIA
Término de materia o nombre geográfico como elemento de entrada Industria
Fuente del encabezamiento o término embne
9 (RLIN) 13713
650 #7 - PUNTO DE ACCESO ADICIONAL DE MATERIA--TÉRMINO DE MATERIA
Término de materia o nombre geográfico como elemento de entrada Derecho laboral
Fuente del encabezamiento o término embne
9 (RLIN) 135885
710 1# - ENTRADA AGREGADA--NOMBRE DE ENTIDAD CORPORATIVA
Nombre de entidad corporativa o nombre de jurisdicción como elemento de entrada España.
Unidad subordinada Dirección General de Comercio, Industria y Trabajo.
9 (RLIN) 3718
785 00 - ENTRADA/ENLACE A UN TÍTULO POSTERIOR
Título Boletín oficial de la Dirección General de Comercio, Industria y Trabajo,
Lugar, editor y fecha de publicación 1915-1920
852 ## - LOCALIZACIÓN
Ubicación ES-MaACL
Número de control de estantería Hem-701
866 #0 - MENCIÓN TEXTUAL DE FONDOS--UNIDAD BIBLIOGRÁFICA BÁSICA
Fondos 1912-15.
Holdings
Estatus retirado Estado de pérdida Estado de daño No para préstamo Colección Biblioteca de origen Biblioteca actual Ubicación en estantería Fecha de adquisición Fuente de adquisición Total de préstamos Signatura topográfica completa Código de barras Visto por última vez Precio de reemplazo Tipo de ítem Koha
        Periódicos y Revistas Biblioteca del Ateneo de Madrid Biblioteca del Ateneo de Madrid Depósito 1 17/01/2008     Hem-701 1000494 23/02/2023 23/02/2023 Revista